| 000 | 00597nam a22001577a 4500 | ||
|---|---|---|---|
| 008 | 100217s1974 cau|||||r|||| 000 0 eng d | ||
| 082 |
_222 _a621.381 _bBLU |
||
| 100 |
_911463 _aBlukis, Juris |
||
| 245 |
_aPractical Digital Electronics/ _cJuris Blukis and Mark Baker |
||
| 260 |
_aSanta Clara, Calif. : _bHewlett-Packard, 1974. _c1974 |
||
| 300 |
_a1v.: _bill.; _c27 cm. |
||
| 650 |
_910844 _aDigital electronics. |
||
| 700 |
_910846 _aBaker, Mark |
||
| 942 |
_2ddc _cBB |
||
| 999 |
_c13411 _d13411 |
||